000 00569nam a22002057a 4500
003 OSt
005 20251128085619.0
008 251128b |||||||| |||| 00| 0 eng d
020 _a981-254-324-4
040 _cCL
082 _25th edition
_a621.395 R845f 2004
100 _aCHARLES H. ROTH
245 _aFundamentals of logic design /
250 _a5th edition
260 _aSingapore :
_bThomson Learning Asia,
_cc2004
300 _axvii, 681 p. ;
_c 23 cm.
504 _aIncludes index and references
650 _2Logic circuits
942 _2ddc
_cBK-CIRC
_n0
999 _c6536
_d6536